00946nam a2200277 a 450000100060000000300080000600500170001400800410003103500190007204000270009104100080011808200180012610000300014424500490017425000120022326000400023530000320027549000450030750000190035265000240037170000600039583000550045594200120051099900170052295201290053951670BD-RjUL20211209075710.0010916s1964 xx 000 0 eng d a(BD-RjUL)51790 aEQOcEQObengdBD-RjUL aeng a301bOGS 19641 aOgburn, Fielding.915446010aSociology /c[by] W.F. Ogburn, M.F. Nimkoff. a2nd ed. aBoston :bHoughton Mifflin,c[1964] ax, 780 p. :bill. ;c21 cm.1 aWar Department education manual,vEM 260 aIncludes index aSociology. 91544611 aNimkoff, Meyer F.q(Meyer Francis),d1904-1965.9154462 0aWar Department education manual ;vEM 260.9151428 2ddccBK c51670d51670 00102ddc4070aRUCLbRUCLcStackd1970-08-29eZeitlingerg58.00l0o301 OGS 1964r2016-09-01 00:00:00tC-2w2016-09-01yBK